|
|
|
|
| LEADER |
01621nam a22003017a 4500 |
| 001 |
AAL9033 |
| 003 |
BD-DhAAL |
| 005 |
20170509122312.0 |
| 008 |
170509s 2008e ||||| |||| 00| 0 eng d |
| 999 |
|
|
|c 38133
|d 38133
|
| 020 |
|
|
|a 9781408857144
|
| 040 |
|
|
|a BD-DhAAL
|c BD-DhAAL
|
| 082 |
|
|
|a 813/.54
|
| 100 |
|
|
|a Green, John
|9 21527
|
| 245 |
|
|
|a Paper towns /
|c John Green.
|
| 260 |
|
|
|a London :
|b Bloomsbury,
|c 2008
|
| 300 |
|
|
|a 305 p. ;
|c 22 cm.
|
| 541 |
|
|
|e 9033
|
| 650 |
|
|
|a Missing persons
|v Fiction.
|9 21528
|
| 650 |
|
|
|a Coming of age
|v Fiction.
|9 21529
|
| 650 |
|
|
|a Florida
|v Fiction.
|9 21530
|
| 852 |
|
|
|a Savar Campus Library
|c General Shelf
|
| 942 |
|
|
|2 ddc
|c BK
|
| 952 |
|
|
|0 0
|1 0
|2 ddc
|4 0
|6 813_000000000000000__54_GRE
|7 0
|9 60622
|a SCL
|b SCL
|c GEN
|d 2017-05-09
|e Tajin Boi Gar
|g 80.00
|l 14
|m 45
|o 813.54 GRE
|p 3020009033
|r 2025-12-28
|s 2025-12-09
|t 1
|w 2017-05-09
|y BK
|
| 952 |
|
|
|0 0
|1 0
|2 ddc
|4 0
|6 813_000000000000000__54_GRE
|7 0
|9 60623
|a SCL
|b SCL
|c GEN
|d 2017-05-09
|e Tajin Boi Gar
|g 80.00
|l 17
|m 68
|o 813.54 GRE
|p 3020009032
|r 2025-09-20
|s 2025-08-16
|t 2
|w 2017-05-09
|y BK
|
| 952 |
|
|
|0 0
|1 0
|2 ddc
|4 0
|6 813_000000000000000__54_GRE
|7 0
|9 60624
|a SCL
|b SCL
|c GEN
|d 2017-05-09
|e Tajin Boi Gar
|g 80.00
|l 3
|m 11
|o 813.54 GRE
|p 3020009031
|r 2018-03-03
|s 2018-01-14
|t 3
|w 2017-05-09
|y BK
|
| 952 |
|
|
|0 0
|1 0
|2 ddc
|4 0
|6 813_000000000000000__54_GRE
|7 0
|9 60625
|a SCL
|b SCL
|c GEN
|d 2017-05-09
|e Tajin Boi Gar
|g 80.00
|l 13
|m 72
|o 813.54 GRE
|p 3020009030
|r 2023-04-15
|s 2023-02-01
|t 4
|w 2017-05-09
|y BK
|
| 952 |
|
|
|0 0
|1 0
|2 ddc
|4 0
|6 813_000000000000000__54_GRE
|7 0
|9 60626
|a SCL
|b SCL
|c GEN
|d 2017-05-09
|e Tajin Boi Gar
|g 80.00
|l 14
|m 60
|o 813.54 GRE
|p 3020009034
|r 2023-08-20
|s 2023-08-14
|t 5
|w 2017-05-09
|y BK
|